Green IT v podnikovej praxi diplomová práca

Na minha lista:
Detalhes bibliográficos
Autor principal: Mikolášová, Simona
Autor Corporativo: Fakulta podnikového manažmentu EU. Katedra informačného manažmentu
Outros Autores: Bolek, Vladimír, 1988-
Formato: Livro
Idioma:eslovaco
Publicado em: Bratislava 2023
Tags: Adicionar Tag
Sem tags, seja o primeiro a adicionar uma tag!

MARC

LEADER 00000nbm a2200000 4500
001 0293430
005 20240603084453.4
041 0 |a slo 
044 |a SK 
245 1 0 |a Green IT v podnikovej praxi  |b diplomová práca  |c Simona Mikolášová ; školiteľ: Vladimír Bolek 
264 1 |a Bratislava  |c 2023 
300 |a 60 s. 
100 1 |a Mikolášová, Simona 
700 1 |a Bolek, Vladimír, 1988- 
710 2 |a Fakulta podnikového manažmentu EU. Katedra informačného manažmentu